Vista normal
Vista MARC
Entrada Personal Name
Número de registros utilizados en: 1
001 - CONTROL NUMBER
- control field: 17275
003 - CONTROL NUMBER IDENTIFIER
- control field: DLC
005 - DATE AND TIME OF LATEST TRANSACTION
- control field: 20250702131549.0
008 - FIXED-LENGTH DATA ELEMENTS
- fixed length control field: 220228n| azannaabn |n aaa c
010 ## - LIBRARY OF CONGRESS CONTROL NUMBER
- LC control number: no2022025831
035 ## - SYSTEM CONTROL NUMBER
- System control number: (OCoLC)oca14362686
040 ## - CATALOGING SOURCE
- Original cataloging agency: NjP
- Language of cataloging: spa
- Description conventions: rda
- Transcribing agency: Mx-PuUPA
- Modifying agency: Mx-PuUPA
046 ## - SPECIAL CODED DATES
- Birth date: 1945
- Source of date scheme: edtf
100 1# - HEADING--PERSONAL NAME
- Personal name: Bolloré, Michel-Yves,
- Dates associated with a name: 1945-
374 ## - OCCUPATION
- Occupation: Autor
375 ## - GENDER
- Gender: hombre
377 ## - ASSOCIATED LANGUAGE
- Language code: fre
670 ## - SOURCE DATA FOUND
- Source citation: Dieu, 2021:
- Information found: title page (Michel-Yves Bolloré) cover flap (information engineer; founder and director of France-Essor)
670 ## - SOURCE DATA FOUND
- Source citation: Bibliothèque nationale, February 28, 2022
- Information found: (access point: Bolloré, Michel-Yves, 1945-)